[Event "Chigorin Memorial 08th"]
[Site "St Petersburg"]
[Date "2000.11.09"]
[Round "8"]
[White "Nikolaev, Nikita"]
[Black "Maiorov, Nikita"]
[Result "1-0"]
[WhiteElo "2312"]
[BlackElo "2211"]
[PlyCount "119"]
[EventDate "2000.10.31"]
[EventType "swiss"]
[EventRounds "9"]
[EventCountry "RUS"]
[SourceTitle "EXT 2001"]
[Source "ChessBase"]
[SourceDate "2000.11.22"]
[SourceVersion "1"]
[SourceVersionDate "2000.11.22"]
[SourceQuality "1"]

1. d4 Nf6 2. Nf3 g6 3. Bg5 Bg7 4. Nbd2 d5 5. e3 0-0 6. Bd3 Nbd7 7. 0-0 c5 8. c3 b6 9. b4 Bb7 10. bxc5 bxc5 11. Rb1 Bc6 12. Bb5 Qc8 13. Qa4 Nb6 14. Qa5 cxd4 15. cxd4 Bxb5 16. Qxb5 Qf5 17. a4 Rfc8 18. h3 Ne4 19. Nxe4 dxe4 20. Nd2 Rc2 21. a5 Nd5 22. g4 Qe6 23. Rb2 Rxb2 24. Qxb2 h5 25. Qc2 hxg4 26. Qxe4 Qxe4 27. Nxe4 gxh3 28. Rb1 f6 29. Bh4 Rc8 30. Rb7 f5 31. Nc5 f4 32. Bg5 fxe3 33. fxe3 Rf8 34. Ne6 Rf3 35. e4 Nc3 36. Rxe7 Ne2+ 37. Kh2 Bxd4 38. Re8+ Kh7 39. Re7+ Kg8 40. Re8+ Kh7 41. Nxd4 Nxd4 42. Re7+ Kg8 43. Rxa7 Ra3 44. Bf6 Nc6 45. Rg7+ Kf8 46. Rc7 Ra2+ 47. Kxh3 Nxa5 48. Ra7 Ke8 49. Kg4 Rg2+ 50. Kf3 Ra2 51. e5 Ra3+ 52. Kf4 Nc4 53. Re7+ Kf8 54. Rc7 Ne3 55. Ke4 Nf5 56. e6 Ra4+ 57. Kd3 Ra3+ 58. Kd2 Ra2+ 59. Kc1 Ra8 60. Rh7 1-0

[Event "Chigorin Memorial 08th"]
[Site "St Petersburg"]
[Date "2000.10.31"]
[Round "1"]
[White "Lugovoi, Aleksei"]
[Black "Nikolaev, Nikita"]
[Result "1-0"]
[WhiteElo "2534"]
[BlackElo "2312"]
[PlyCount "68"]
[EventDate "2000.10.31"]
[EventType "swiss"]
[EventRounds "9"]
[EventCountry "RUS"]
[SourceTitle "EXT 2001"]
[Source "ChessBase"]
[SourceDate "2000.11.22"]
[SourceVersion "1"]
[SourceVersionDate "2000.11.22"]
[SourceQuality "1"]

1. d4 Nf6 2. c4 g6 3. Nc3 Bg7 4. e4 d6 5. Nf3 0-0 6. Be2 e5 7. d5 Nbd7 8. Be3 Nc5 9. Nd2 a5 10. g4 Ne8 11. h4 f5 12. g5 f4 13. Bxc5 dxc5 14. Bg4 Bh8 15. Bxc8 Rxc8 16. Nf3 Ng7 17. Nxe5 Qe7 18. Ng4 Nf5 19. Qd3 Nd6 20. Nh6+ Kg7 21. 0-0-0 Nf7 22. Ng4 Ne5 23. Nxe5 Qxe5 24. h5 f3 25. hxg6 hxg6 26. Rh3 Kg8 27. Kb1 Rf4 28. d6 cxd6 29. Qxd6 Qxd6 30. Rxd6 Bxc3 31. bxc3 Rc6 32. Rd8+ Kg7 33. Rdh8 Kf7 34. R3h7+ Ke6 1-0